000 00759nam a2200229 a 4500
001 000011853
005 20240530073912.0
008 091028s2006 dr 000 f spa d
020 _a9993472891
040 _aDO-SdBNP
_bspa
_cBNPHU
082 _aRD863.44
_bC355u
100 1 _aCastro, Franklin
_928024
245 1 0 _aUn hombre marcado /
_cFranklin Castro ; prólogo Luis Concepción.
260 _aSanto Domingo :
_bTaller,
_c2006.
300 _a178 p. :
_bil. ;
_c22 cm.
500 _aIncluye datos biográficos del autor en la contracubierta.
590 _aInventariado, 2020/YL
650 0 _aNovela dominicana
_9223
650 0 _aLiteratura dominicana.
_967
700 1 _aConcepción, Luis,
_epról.
_928025
910 _aValidado. Control de calidad MFF
999 _c11527
_d11527